| 000 | 00665nam a2200229Ia 4500 | ||
|---|---|---|---|
| 005 | 20260429111930.0 | ||
| 008 | 260429s9999||||xx |||||||||||||| ||und|| | ||
| 020 | _a9789360803544 | ||
| 041 | _aEnglish | ||
| 082 |
_a294.5 _bBRO |
||
| 100 | _aBronkhorst, Johannes | ||
| 245 | 0 |
_aHow the Brahmins won : _bfrom Alexander to the Guptas / _cJohannes Bronkhorst |
|
| 250 | _a1st ed. | ||
| 260 |
_aNew Delhi : _bManohar Publishers and Distributors, _c2024. |
||
| 300 | _axviii, 572 p.; hb | ||
| 650 | _a Ancient India | ||
| 650 | _a Gupta period | ||
| 650 | _a Religion and society | ||
| 650 | _a Social history | ||
| 650 | _aBrahmins-History | ||
| 942 | _cTB | ||
| 999 |
_c51489 _d51489 |
||